01654 2200289 4500001002100000005001500021035002000036008004100056020001800097041000800115082001300123084001900136100002800155245005500183260005100238300003300289520079600322650003801118650003801156504001401194990002601208990002601234990002601260990002601286990002601312990002601338INLIS00000000000373720221103022735 a0010-0520003737221103 | | eng  a90-411-8902-5 aind a346.0482 a346.0482 PAR c0 aPardo, Julian Rodriguez1 aCopyright and Multimedia /cJulian Rodriguez Pardo aNetherlands :bKluwer Law International,c2003 axvi, 243 p. ; 23 cm ;c23 cm a"Technology has affected a wide range of issues in our personal and professional lives. And in doing so it has opened the door for new legal questions, especially with regard to intellectual property and, more specifically, copyright.New legal questions have arisen with respect to the authorship of web pages, databases, computer programs, and, in general, multimedia work. Is this technology internationally protected? Can internet piracy be considered piracy? To whom does the copyright belong when more than one author exists? When is it necessary to resort to technical protection devices? By examining international laws, such as the WIPO treaties and EU law, this book offers a clear answer to these questions while focusing on how copyright does or does not protect new technology. " 4aCopyright--Interactive multimedia 4aCopyright--Audio-visual materials ap.217-243 a15461/MKRI-P/XII-2009 a15462/MKRI-P/XII-2009 a15461/MKRI-P/XII-2009 a15462/MKRI-P/XII-2009 a15462/MKRI-P/XII-2009 a15461/MKRI-P/XII-2009